The evolutionary journey : (Record no. 125611)

MARC details
000 -LEADER
fixed length control field 00627nam a22002057a 4500
005 - DATE AND TIME OF LATEST TRANSACTION
control field 20170124105957.0
010 ## - LIBRARY OF CONGRESS CONTROL NUMBER
LC control number A-216217
020 ## - INTERNATIONAL STANDARD BOOK NUMBER
Terms of availability 00.00
International Standard Book Number 0855001860
035 ## - SYSTEM CONTROL NUMBER
System control number A-216217
037 ## - SOURCE OF ACQUISITION
Source of stock number/acquisition Cen Lib/Ret
040 ## - CATALOGING SOURCE
Original cataloging agency DPL
Language of cataloging EN
082 ## - DEWEY DECIMAL CLASSIFICATION NUMBER
Classification number 33.5
Item number HUB
100 ## - MAIN ENTRY--PERSONAL NAME
Personal name Hubbard, Barbara Marx
9 (RLIN) 14934
245 ## - TITLE STATEMENT
Title The evolutionary journey :
Statement of responsibility, etc by Barbara Marx Hubbard
Remainder of title a personal guide to a positive future /
260 ## - PUBLICATION, DISTRIBUTION, ETC. (IMPRINT)
Place of publication, distribution, etc U K
Name of publisher, distributor, etc Turnstone Press
Date of publication, distribution, etc 1982
300 ## - PHYSICAL DESCRIPTION
Extent xiv,177p. :
Dimensions 19cm(Hb)
Other physical details ill
650 ## - SUBJECT ADDED ENTRY--TOPICAL TERM
Topical term or geographic name as entry element Social evolution
9 (RLIN) 14935
650 ## - SUBJECT ADDED ENTRY--TOPICAL TERM
Topical term or geographic name as entry element Twenty-first century
9 (RLIN) 14936
942 ## - ADDED ENTRY ELEMENTS (KOHA)
Source of classification or shelving scheme Dewey Decimal Classification
Koha item type English Books
Classification part 33.5
Call number suffix HUB
Holdings
Withdrawn status Lost status Damaged status Not for loan Home library Current library Date acquired Source of acquisition Cost, normal purchase price Total Checkouts Full call number Barcode Date last seen Date checked out Copy number Cost, replacement price Price effective from Koha item type
        Central Library Central Library 22/06/2015 Cen Lib/Ret 0.00 3 33.5 HUB A-216217 30/05/2018 26/05/2018 1 0.00 22/06/2015 English Books

© Delhi Public Library
Hit Counter
free hit counter